[Event "Rhein Main op-B 17th"]
[Site "Bad Homburg"]
[Date "2014.06.21"]
[Round "5"]
[White "De Swert, Heidi"]
[Black "Papadopoulos, Ioannis1111"]
[Result "1/2-1/2"]
[WhiteElo "1609"]
[BlackElo "1422"]
[PlyCount "80"]
[EventDate "2014.06.18"]
[EventType "swiss"]
[EventRounds "9"]
[EventCountry "GER"]
[SourceTitle "CBM 161 Extra"]
[Source "ChessBase"]
[SourceDate "2014.08.29"]
[SourceVersion "1"]
[SourceVersionDate "2014.08.29"]
[SourceQuality "1"]

1. e4 e5 2. Nf3 Nc6 3. d4 exd4 4. Nxd4 Bc5 5. c3 Nf6 6. Nxc6 bxc6 7. Bd3 d5 8. Qe2 0-0 9. Be3 Bxe3 10. Qxe3 dxe4 11. Bc4 Re8 12. 0-0 Nd5 13. Bxd5 cxd5 14. Nd2 Be6 15. Rfd1 c6 16. Qg3 Qe7 17. Rac1 Rad8 18. c4 dxc4 19. Nxe4 Rxd1+ 20. Rxd1 Bd5 21. f3 Bxe4 22. fxe4 Qxe4 23. h3 h6 24. a4 Qe2 25. Rb1 Qc2 26. Rf1 Qxa4 27. Qc7 Rf8 28. Rf3 Qd1+ 29. Kh2 Qe2 30. Qxc6 Qxb2 31. Qxc4 a5 32. Rf5 Qb4 33. Qxb4 axb4 34. Rb5 Re8 35. Rxb4 Kh7 36. Rb7 Kg6 37. Rb5 Kf6 38. Kg3 Re5 39. Rb4 Kg5 40. Kf3 Rf5+ 1/2-1/2

[Event "Rhein Main op-B 17th"]
[Site "Bad Homburg"]
[Date "2014.06.21"]
[Round "6"]
[White "Dietrich, Klaus"]
[Black "De Swert, Heidi"]
[Result "0-1"]
[WhiteElo "740"]
[BlackElo "1609"]
[PlyCount "66"]
[EventDate "2014.06.18"]
[EventType "swiss"]
[EventRounds "9"]
[EventCountry "GER"]
[SourceTitle "CBM 161 Extra"]
[Source "ChessBase"]
[SourceDate "2014.08.29"]
[SourceVersion "1"]
[SourceVersionDate "2014.08.29"]
[SourceQuality "1"]

1. e4 c6 2. Nf3 d5 3. Nc3 Bg4 4. d3 e5 5. Be2 d4 6. Nb1 Nd7 7. 0-0 Ngf6 8. c3 c5 9. Bg5 Be7 10. Bd2 0-0 11. b4 b6 12. a3 Qc7 13. Bg5 dxc3 14. Nxc3 cxb4 15. Nb1 bxa3 16. Nxa3 Nc5 17. Rc1 Qb7 18. d4 exd4 19. Nxd4 Ncxe4 20. Bxf6 Bxe2 21. Qxe2 Bxa3 22. Rc6 Nxf6 23. Rc3 Bc5 24. Nb3 Bb4 25. Rd3 Rfe8 26. Qd1 Rac8 27. Nd2 Bxd2 28. Qxd2 Qe7 29. h3 a5 30. f3 Qc5+ 31. Kh1 h6 32. Rc1 Qxc1+ 33. Qxc1 Rxc1+ 0-1

[Event "Rhein Main op-B 17th"]
[Site "Bad Homburg"]
[Date "2014.06.20"]
[Round "4"]
[White "Yukelson, Tamar"]
[Black "De Swert, Heidi"]
[Result "1/2-1/2"]
[WhiteElo "940"]
[BlackElo "1609"]
[PlyCount "64"]
[EventDate "2014.06.18"]
[EventType "swiss"]
[EventRounds "9"]
[EventCountry "GER"]
[SourceTitle "CBM 161 Extra"]
[Source "ChessBase"]
[SourceDate "2014.08.29"]
[SourceVersion "1"]
[SourceVersionDate "2014.08.29"]
[SourceQuality "1"]

1. e4 d5 2. exd5 Nf6 3. Nc3 Nxd5 4. Nxd5 Qxd5 5. Nf3 Bg4 6. Be2 e6 7. 0-0 Be7 8. b3 0-0 9. Bb2 c5 10. h3 Bh5 11. Re1 Nc6 12. Ne5 Bxe2 13. Qxe2 Nxe5 14. Bxe5 Bd6 15. Bb2 Qf5 16. d3 Qf4 17. Be5 Bxe5 18. Qxe5 Qxe5 19. Rxe5 b6 20. f4 Rad8 21. Kf2 Rd5 22. Rae1 Rd4 23. g3 g6 24. R1e4 Rfd8 25. Ke2 Kg7 26. Rxd4 Rxd4 27. c3 Rd5 28. Rxd5 exd5 29. c4 dxc4 30. dxc4 Kf6 31. Kd3 Ke6 32. Kc3 Kd6 1/2-1/2